Sports Quiz

Random Sports or MLB Quiz

100 HR & 100 SB for 1 Team Quiz Stats

 Plays Quiz Updated Oct 4, 2019

Score 0/122 Timer 10:00
16 Plays Today
Team Player % Correct
PiratesBarry Bonds
86.5%
GiantsBarry Bonds
86.5%
GiantsBobby Bonds
85.7%
YankeesBabe Ruth
85.4%
BravesHank Aaron
82.3%
YankeesMickey Mantle
81.7%
YankeesDerek Jeter
81.6%
YankeesAlex Rodriguez
81.5%
MarinersAlex Rodriguez
81.5%
BravesChipper Jones
80.8%
BravesAndruw Jones
80.5%
AstrosCraig Biggio
79.5%
AstrosJeff Bagwell
78.9%
MarinersKen Griffey, Jr
78.8%
GiantsWillie Mays
78.7%
RedsPete Rose
76.6%
A'sRickey Henderson
74.6%
RoyalsGeorge Brett
74.4%
YankeesBernie Williams
74.3%
OriolesKen Williams
74%
PhilliesMike Schmidt
73.5%
CubsSammy Sosa
68.9%
YankeesLou Gehrig
68.8%
RedsJoe Morgan
64.8%
TwinsKirby Puckett
64.6%
BrewersRobin Yount
62.6%
DodgersJackie Robinson
62.6%
RedsFrank Robinson
62.6%
RockiesCarlos González
60.8%
A'sReggie Jackson
60.7%
PhilliesJimmy Rollins
59%
PhilliesChase Utley
58.3%
MarlinsHanley Ramirez
58.2%
PadresTony Gwynn
55.7%
BrewersRyan Braun
55.7%
RockiesLarry Walker
55.3%
TigersAl Kaline
54.8%
TigersTy Cobb
54.1%
White SoxAlexei Ramirez
53.2%
BrewersPaul Molitor
52.5%
RaysCarl Crawford
52.5%
Team Player % Correct
MetsDarryl Strawberry
52.2%
RedsBarry Larkin
51%
A'sJose Canseco
49.7%
MetsHoward Johnson
49.6%
NationalsVladimir Guerrero
49.4%
CubsRyne Sandberg
48.2%
CardinalsLou Brock
48%
MetsCarlos Beltran
45.5%
AngelsMike Trout
44.9%
OriolesBrady Anderson
44%
TigersAlan Trammell
43.9%
MetsDavid Wright
43.9%
RedsEric Davis
42.9%
DodgersWillie Davis
42.7%
NationalsAndre Dawson
42.7%
MetsJose Reyes
41.3%
IndiansJoe Carter
40.9%
BravesDale Murphy
40.2%
RoyalsCarlos Beltran
40%
Red SoxCarl Yastrzemski
39.2%
TigersLou Whitaker
39.1%
DiamondbacksChris Young
38.7%
RoyalsFrank White
37.7%
YankeesRoy White
37.6%
YankeesAlfonso Soriano
37.2%
PiratesAndrew McCutchen
34.4%
PadresDave Winfield
32.1%
DodgersMatt Kemp
30.9%
RedsDave Concepcion
30.8%
TwinsTorii Hunter
30.7%
RockiesDante Bichette
30.4%
DiamondbacksPaul Goldschmidt
28.7%
TigersKirk Gibson
28.6%
PiratesAl Martin
28.1%
RaysMelvin Upton
28%
Red SoxDustin Pedroia
26.5%
RoyalsAlex Gordon
25.8%
PiratesDave Parker
24.8%
AstrosJose Cruz
24.3%
DodgersPee Wee Reese
24%
RedsBrandon Phillips
22.8%
Team Player % Correct
PiratesAndy Van Slyke
21.4%
CardinalsRogers Hornsby
19.7%
RangersIan Kinsler
19.6%
IndiansGrady Sizemore
19.4%
AstrosCesar Cedeno
18.6%
BravesRon Gant
18.5%
RaysBen Zobrist
18%
PhilliesBobby Abreu
16.9%
RoyalsHal McRae
16.2%
RoyalsAmos Otis
15.8%
Red SoxMookie Betts
15.6%
PiratesPaul Waner
15%
RedsChris Sabo
14.8%
AstrosJimmy Wynn
14.8%
TigersCharlie Gehringer
14.1%
RedsReggie Sanders
13.4%
RockiesCharlie Blackmon
12.8%
AngelsDarin Erstad
12.5%
CardinalsRay Lankford
11.9%
BrewersRickie Weeks
10.7%
DodgersRaul Mondesi
10.3%
GiantsRobby Thompson
10.2%
Blue JaysLloyd Moseby
9.8%
RedsVada Pinson
9.2%
NationalsIan Desmond
8.5%
White SoxRay Durham
7.1%
PhilliesVon Hayes
7%
OriolesPaul Blair
6.8%
PhilliesJuan Samuel
6.8%
CubsShawon Dunston
6.5%
YankeesTony Lazzeri
6.4%
TigersHarry Heilmann
6%
DodgersZack Wheat
6%
White SoxMinnie Minoso
4.9%
RangersToby Harrah
4.4%
IndiansJason Kipnis
4%
YankeesBob Meusel
3.7%
TwinsGoose Goslin
3.5%
RedsDan Driessen
3.3%
TwinsMickey Vernon
1.6%

You're not logged in!

Compare scores with friends on all Sporcle quizzes.
OR
Log In

Sporcle TV

Today on Sporcle TV


Watch our educational content, quiz creation guides, and fun videos on Sporcle TV.

Show Comments

Extras

Top Quizzes Today


Score Distribution

Your Account Isn't Verified!

In order to create a playlist on Sporcle, you need to verify the email address you used during registration. Go to your Sporcle Settings to finish the process.

Report this User

Report this user for behavior that violates our Community Guidelines.

Details: